| 000 | 01283nam a22003017a 4500 | ||
|---|---|---|---|
| 003 | DO-SdBNP | ||
| 005 | 20230518112025.0 | ||
| 008 | 171123b cl||||| |||| 00| 0 spa d | ||
| 020 | _a9580483612 | ||
| 040 |
_aBPMSU _bspa _cBPMSU |
||
| 082 | 4 |
_a784.4986 _bC215c 2004 _2 22 |
|
| 100 | 1 |
_aRico Salazar, Jaime _d1937- |
|
| 245 | 1 |
_aLa canción colombiana: _bsu historia, sus compositores y sus mejores intérpretes y canciones / _cJaime Rico Salazar |
|
| 260 |
_aBogotá: _bEditorial Norma _c2004 |
||
| 300 |
_a819 p.: _bil.; _c28 cm. |
||
| 500 | _aEn la carátula : La canción colombiana : su historia, sus compositores, sus mejores intérpretes : 500 canciones armonizadas para guitarra. | ||
| 500 | _aIncluye índice | ||
| 590 | _aInventariado, 2023/VM | ||
| 650 | 4 |
_aCanciones colombianas _vCancioneros. |
|
| 650 | 4 |
_aCompositores colombianos _vBiografías. |
|
| 650 | 4 |
_aMúsicos colombianos _vBiografías |
|
| 650 | 4 |
_aGrupos musicales colombianos _xHistoria. |
|
| 650 | 4 |
_aBoleros (Música) _xHistoria _z Colombia. |
|
| 740 | 3 | 2 | _aEl bolero en Colombia. |
| 740 | 3 | 2 | _aLa canción colombiana : su historia, sus compositores, sus mejores intérpretes : 500 canciones armonizadas para guitarra. |
| 910 | _aVMateo V. Control de calidad (BPMSU) | ||
| 942 |
_2ddc _cBK |
||
| 999 |
_c13034 _d13034 |
||